000 00640nam a22002177a 4500
005 20170124110014.0
010 _aA-372019
020 _c00.00
_a8170940346
035 _aA-372019
037 _bCen Lib/ Ret
040 _aDPL
_bEN
082 _a350.817
_bWAD
100 _aWadhwa, Rakesh
_918332
245 _aGoing abroad :
_cby Rakesh Wadhwa
_bhow to work study or settle overseas /
260 _aNew Delhi
_bVision books
_c1989
270 _bNew Delhi
_a36C cannuaght place
300 _a96p.
_c22cm(Hb)
650 _aEducation
_91169
650 _aHigher education
_910182
942 _2ddc
_cEN
_h350.817
_mWAD
999 _c126733
_d126733